000 00401nam a2200145Ia 4500
008 211109s9999||||xx |||||||||||||| ||und||
082 _a600
_bPIL-W
100 _aPilcher, Richard B
245 0 _aWhat Industry Owes to Chemical Science
260 _bConstable
_aBombay
_c1923
300 _a158p.
630 _xGeneral Stack
650 _aTechnology
_vChemical ScienceIndustry
_xTechnology
942 _cBOOK
999 _c1723
_d1723